[Event "GER-chT U12"]
[Site "Verden"]
[Date "2012.12.27"]
[Round "2.3"]
[White "Browning, Alex"]
[Black "Adler, Jakob"]
[Result "1/2-1/2"]
[WhiteElo "1054"]
[BlackElo "1176"]
[PlyCount "69"]
[EventDate "2012.12.27"]
[EventType "team-swiss"]
[EventRounds "7"]
[EventCountry "GER"]
[SourceTitle "EXT 2014"]
[Source "ChessBase"]
[SourceDate "2013.11.20"]
[SourceVersion "1"]
[SourceVersionDate "2013.11.20"]
[SourceQuality "1"]
[WhiteTeam "Halver Schalksmuehle"]
[BlackTeam "Stadtilm Blau Weiss"]
[WhiteTeamCountry "GER"]
[BlackTeamCountry "GER"]

1. e4 c5 2. d4 cxd4 3. c3 Nf6 4. e5 Nd5 5. cxd4 e6 6. Nf3 b6 7. Nc3 Bb7 8. Be3 Nxc3 9. bxc3 d5 10. Be2 Qc7 11. Rc1 Nd7 12. Qb3 a5 13. a4 Be7 14. 0-0 0-0-0 15. c4 Kb8 16. cxd5 Bxd5 17. Qb2 Qb7 18. Rb1 Rdg8 19. Bd2 h5 20. Bxa5 bxa5 21. Qc3 Nb6 22. Ne1 Bxg2 23. Bf3 Bxf3 24. Nxf3 g5 25. Qxa5 Bd8 26. Qc3 h4 27. Rfc1 h3 28. a5 g4 29. Ne1 g3 30. fxg3 Rh4 31. Kf2 Rgg4 32. a6 Qxa6 33. Qc6 Rxd4 34. Rb2 Rhg4 35. Kg1 1/2-1/2

[Event "GER-ch U10"]
[Site "Oberhof"]
[Date "2011.06.14"]
[Round "5"]
[White "Adler, Jakob"]
[Black "Kobald, Jacqueline"]
[Result "1-0"]
[WhiteElo "1111"]
[BlackElo "806"]
[PlyCount "69"]
[EventDate "2011.06.11"]
[EventType "swiss"]
[EventRounds "11"]
[EventCountry "GER"]
[SourceTitle "CBM 142 Extra"]
[Source "ChessBase"]
[SourceDate "2011.06.27"]
[SourceVersion "1"]
[SourceVersionDate "2011.06.27"]
[SourceQuality "1"]

1. e4 e5 2. Nf3 Nc6 3. Bc4 Bc5 4. c3 Nf6 5. d3 h6 6. Nbd2 d6 7. h3 Be6 8. 0-0 0-0 9. Bb3 Nh5 10. d4 exd4 11. cxd4 Nxd4 12. Nxd4 Bxd4 13. Qxh5 Qf6 14. Rb1 Rae8 15. Bxe6 fxe6 16. Nf3 Bb6 17. Be3 c5 18. Nh2 d5 19. exd5 exd5 20. Qf3 Qe5 21. Ng4 Qd6 22. Qg3 Qe6 23. Nxh6+ Kh8 24. Ng4 Qd7 25. Ne5 Qd8 26. Ng6+ Kg8 27. Nxf8 Rxf8 28. Bh6 Rf7 29. f4 c4+ 30. Kh1 Bc7 31. Qg4 Qd6 32. Bg5 g6 33. Rbe1 Rg7 34. Qc8+ Kf7 35. Qe8# 1-0

[Event "GER-ch U10"]
[Site "Oberhof"]
[Date "2011.06.12"]
[Round "1"]
[White "Adler, Jakob"]
[Black "Maetzkow, Maximilian Paul"]
[Result "0-1"]
[WhiteElo "1111"]
[BlackElo "1597"]
[PlyCount "44"]
[EventDate "2011.06.11"]
[EventType "swiss"]
[EventRounds "11"]
[EventCountry "GER"]
[SourceTitle "CBM 142 Extra"]
[Source "ChessBase"]
[SourceDate "2011.06.27"]
[SourceVersion "1"]
[SourceVersionDate "2011.06.27"]
[SourceQuality "1"]

1. e4 c5 2. Nf3 g6 3. d4 cxd4 4. Nxd4 Bg7 5. Nc3 Nc6 6. Be3 Nf6 7. Be2 0-0 8. 0-0 d5 9. f3 e5 10. Nxc6 bxc6 11. exd5 cxd5 12. Bg5 Bb7 13. Bd3 Rb8 14. Rb1 Qb6+ 15. Kh1 Rfd8 16. Qd2 Rd6 17. Bh6 e4 18. fxe4 dxe4 19. h3 exd3 20. cxd3 Qc6 21. Rg1 Qd7 22. Bxg7 Qxh3# 0-1